zpět

Detail výsledku týmu

Suzie's, Brno

Datum a čas kvízu

23 Celkem bodů Celkový počet nahraných bodů na tomto kvízu bez doplňovacích otázek.
4. Pořadí na kvízu Konečné umístění týmu na tomto kvízu.

Zaznamenané odpovědi

# Otázka Odpověď Body Výsledky
1. Jak se jmenuje 56letý český da... Zbyšek Pantůček 1
2. Paprička jisté odrůdy existuje... Pepper X 0
3. Ve čtvrtek mělo premiéru ameri... Martin Scorcese 1
4. Nápojářský gigant Kofola bude... v Kolumbii 0
5. Ve čtvrtek na tenisovém turnaj... zahrál úder opačnou rukou 1
6. V tomto tématu zabrousíme do č... Jana Nerudu 1
7. Drama Nabarvené ptáče z roku 2... Václav Marhoul 1
8. V srpnu 2023 přišel do kin fil... Nikdy neříkej nikdy 0
9. Pod českoněmecký film Pták ohn... Václav Vorlíček, Miloš Macourek 1
10. Ptakopysk sice není pták, ale... Nejistá sezona 0